| 000 | 00693nam a2200205Ia 4500 | ||
|---|---|---|---|
| 999 |
_c43112 _d43112 |
||
| 003 | GCL | ||
| 005 | 20240530103853.0 | ||
| 008 | 140319s9999 xx 000 0 ara d | ||
| 040 |
_aGCL / _cGCL |
||
| 082 | 0 | 4 |
_a180 _bا د |
| 100 | _aابراهيم بيومى مدكور | ||
| 245 | 1 | 0 |
_aدروس فى تاريخ الفلسفة لتلاميذ السنة التوجيهية / _bتأليف ابراهيم بيومى مدكور ، يوسف كرم |
| 300 | _a226 ص | ||
| 490 |
_aكتاب _v0 |
||
| 650 | 0 | 4 | _aالفلسفة الغربية |
| 650 | 0 | 4 | _aالفلسفة الاسلامية - تاريخ |
| 650 | 0 | 4 | _aالفلسفة - تاريخ |
| 700 | _4يوسف كرم | ||
| 942 |
_2ddc _cBK |
||